<?xml version="1.0" encoding="UTF-8"?>
<record
    xmlns:xsi="http://www.w3.org/2001/XMLSchema-instance"
    xsi:schemaLocation="http://www.loc.gov/MARC21/slim http://www.loc.gov/standards/marcxml/schema/MARC21slim.xsd"
    xmlns="http://www.loc.gov/MARC21/slim">

  <leader>00934nam a2200289 i 4500</leader>
  <controlfield tag="001">bg</controlfield>
  <datafield tag="245" ind1="0" ind2="4">
    <subfield code="a">The signs of tradition in architecture /</subfield>
    <subfield code="c">ed. Tomasz Drewniak, Jan Rabiej ; Pa&#x144;stwowa Wy&#x17C;sza Szko&#x142;a w Nysie.</subfield>
  </datafield>
  <datafield tag="260" ind1=" " ind2=" ">
    <subfield code="a">Nysa :</subfield>
    <subfield code="b">Oficyna Wydawnicza Pa&#x144;stwowej Wy&#x17C;szej Szko&#x142;y Zawodowej,</subfield>
    <subfield code="c">2008.</subfield>
  </datafield>
  <datafield tag="300" ind1=" " ind2=" ">
    <subfield code="a">267 s. :</subfield>
    <subfield code="b">il. ;</subfield>
    <subfield code="c">24 cm.</subfield>
  </datafield>
  <datafield tag="500" ind1=" " ind2=" ">
    <subfield code="a">Materia&#x142;y z konf.</subfield>
  </datafield>
  <datafield tag="504" ind1=" " ind2=" ">
    <subfield code="a">Bibliogr. przy ref.</subfield>
  </datafield>
  <datafield tag="546" ind1=" " ind2=" ">
    <subfield code="a">Tekst cz&#x119;&#x15B;c. ang., pol. Tekst cz&#x119;&#x15B;c. t&#x142;. z pol.</subfield>
  </datafield>
  <datafield tag="650" ind1=" " ind2="9">
    <subfield code="a">Architektura</subfield>
    <subfield code="x">historia</subfield>
  </datafield>
  <datafield tag="650" ind1=" " ind2="9">
    <subfield code="a">Architektura</subfield>
    <subfield code="x">teoria</subfield>
  </datafield>
  <datafield tag="655" ind1=" " ind2=" ">
    <subfield code="a">Materia&#x142;y konferencyjne</subfield>
  </datafield>
  <datafield tag="700" ind1="1" ind2=" ">
    <subfield code="a">Drewniak, Tomasz.</subfield>
    <subfield code="e">Red.</subfield>
  </datafield>
  <datafield tag="700" ind1="1" ind2=" ">
    <subfield code="a">Rabiej, Jan.</subfield>
    <subfield code="e">Red.</subfield>
  </datafield>
  <datafield tag="015" ind1=" " ind2=" ">
    <subfield code="a">PB 25674/2008</subfield>
  </datafield>
  <datafield tag="020" ind1=" " ind2=" ">
    <subfield code="a">9788360081198</subfield>
  </datafield>
  <datafield tag="040" ind1=" " ind2=" ">
    <subfield code="c">BPK</subfield>
  </datafield>
  <datafield tag="041" ind1="1" ind2=" ">
    <subfield code="a">eng</subfield>
    <subfield code="a">pol</subfield>
    <subfield code="h">pol</subfield>
  </datafield>
  <datafield tag="044" ind1=" " ind2=" ">
    <subfield code="a">POL</subfield>
  </datafield>
  <datafield tag="080" ind1=" " ind2=" ">
    <subfield code="a">72.01:72.03(091)](06)</subfield>
  </datafield>
  <datafield tag="920" ind1=" " ind2=" ">
    <subfield code="a">978-83-60081-19-8</subfield>
  </datafield>
  <datafield tag="942" ind1=" " ind2=" ">
    <subfield code="c">KS</subfield>
  </datafield>
  <controlfield tag="008">090702s2008    pl a         |100 0 eng  </controlfield>
  <datafield tag="999" ind1=" " ind2=" ">
    <subfield code="c">56442</subfield>
    <subfield code="d">56442</subfield>
  </datafield>
  <datafield tag="856" ind1=" " ind2=" ">
    <subfield code="u">http://koha.tu.koszalin.pl/cgi-bin/koha/opac-detail.pl?biblionumber=56442</subfield>
    <subfield code="y">Katalog online BPK</subfield>
  </datafield>
  <datafield tag="952" ind1=" " ind2=" ">
    <subfield code="0">0</subfield>
    <subfield code="1">0</subfield>
    <subfield code="4">0</subfield>
    <subfield code="7">1</subfield>
    <subfield code="a">ELBUD</subfield>
    <subfield code="b">ELBUD</subfield>
    <subfield code="c">b</subfield>
    <subfield code="o">91203</subfield>
    <subfield code="p">02470382</subfield>
    <subfield code="t">72 A</subfield>
    <subfield code="y">KS</subfield>
  </datafield>
</record>
